Dyadic coping in Hungarian couples

Elmentve itt :
Bibliográfiai részletek
Szerzők: Martos Tamás
Sallay Viola
Tóth-Vajna Rita
Dokumentumtípus: Könyv része
Megjelent: Routledge New York; London 2016
Sorozat:Couples coping with stress: a cross-cultural perspective
mtmt:3045210
Online Access:http://publicatio.bibl.u-szeged.hu/13344
LEADER 00826naa a2200217 i 4500
001 publ13344
005 20220607121858.0
008 180509s2016 hu o 0|| angol d
020 |a 978-1-138-90663-1 
024 7 |a 3045210  |2 mtmt 
040 |a SZTE Publicatio Repozitórium  |b hun 
041 |a angol 
100 1 |a Martos Tamás 
245 1 0 |a Dyadic coping in Hungarian couples  |h [elektronikus dokumentum] /  |c  Martos Tamás 
260 |a Routledge  |b New York; London  |c 2016 
300 |a 170-186 
490 0 |a Couples coping with stress: a cross-cultural perspective 
700 0 1 |a Sallay Viola  |e aut 
700 0 2 |a Tóth-Vajna Rita  |e aut 
856 4 0 |u http://publicatio.bibl.u-szeged.hu/13344/1/dyadic_coping_Chapter_11_u.pdf  |z Dokumentum-elérés  
856 4 0 |u http://publicatio.bibl.u-szeged.hu/13344/7/6765%20Prelims.pdf  |z Dokumentum-elérés